|
|
|
|
| LEADER |
00000nam0a2200000 4500 |
| 001 |
273168 |
| 005 |
20231101234614.0 |
| 020 |
|
|
|a RU
|b 87-73550
|
| 035 |
|
|
|a (RuTPU)RU\TPU\book\296377
|
| 090 |
|
|
|a 273168
|
| 100 |
|
|
|a 20141024d1987 m y0rusy5003 ca
|
| 101 |
0 |
|
|a rus
|
| 102 |
|
|
|a RU
|
| 105 |
|
|
|a y z 000zy
|
| 200 |
1 |
|
|a Индокитайская хроника. Вьетнам, Лаос, Кампучия: трудные дороги борьбы и созидания
|f М. П. Исаев
|
| 210 |
|
|
|a Москва
|c Политиздат
|d 1987
|
| 215 |
|
|
|a 287 с.
|
| 330 |
|
|
|a Индокитайская хроника" - основанный на личных впечатлениях и документальных материалах рассказ журналиста-международника М.П.Исаева о наиболее значительных событиях в жизни народов Вьетнама, Лаоса и Кампучии, очевидцем многих из которых ему довелось быть. Автор повествует о трудном процессе построения нового общества в странах Индокитая.Книга рассчитана на широкий круг читателей.
|
| 606 |
1 |
|
|a Вьетнам
|x История
|2 stltpush
|3 (RuTPU)RU\TPU\subj\69047
|9 84046
|
| 606 |
1 |
|
|a Лаос
|x История
|2 stltpush
|3 (RuTPU)RU\TPU\subj\68971
|9 84012
|
| 606 |
1 |
|
|a Камбоджа
|x История
|2 stltpush
|3 (RuTPU)RU\TPU\subj\68969
|9 84010
|
| 610 |
1 |
|
|a история
|
| 610 |
1 |
|
|a Индокитай
|
| 610 |
1 |
|
|a 20 век
|
| 686 |
|
|
|a Т3(5Вье)
|2 rubbk
|
| 686 |
|
|
|a Т3(5А/Я)
|2 rubbk
|
| 700 |
|
1 |
|a Исаев
|b М. П.
|g Михаил Петрович
|4 070
|
| 801 |
|
0 |
|a RU
|b RuMRKP
|c 19950417
|g psbo
|
| 801 |
|
1 |
|a RU
|b 63413507
|c 20141024
|
| 801 |
|
2 |
|a RU
|b 63413507
|c 20170111
|g RCR
|
| 942 |
|
|
|c BK
|